[Event "Oslo"]
[Site "Oslo"]
[Date "1992.??.??"]
[Round "5"]
[White "Djurhuus, Rune"]
[Black "Gausel, Einar"]
[Result "0-1"]
[WhiteElo "2420"]
[BlackElo "2445"]
[Annotator "Gausel,E"]
[PlyCount "80"]
[EventDate "1992.04.??"]
[EventType "tourn"]
[EventRounds "9"]
[EventCountry "NOR"]
[EventCategory "9"]
[SourceTitle "CBM 030"]
[Source "ChessBase"]
[SourceDate "1992.10.01"]
[SourceVersion "1"]
[SourceVersionDate "1992.10.01"]
[SourceQuality "1"]

1. d4 Nf6 2. Nf3 e6 3. c4 Bb4+ 4. Bd2 a5 5. g3 d5 6. cxd5 {Veldig slapt.} (6.
Bg2 dxc4 7. Qc2 Nc6 8. Qxc4 Qd5 9. Qd3 Qe4 $13 {]}) 6... exd5 7. Nc3 O-O 8. Bg2
c6 9. O-O Bf5 10. Rc1 Re8 11. Bg5 {11.Bf4 virker mer logisk.} Nbd7 12. Na4 $6
h6 13. Bxf6 Qxf6 {[13. ... Nxf6!?]} 14. e3 Bg4 15. h3 Bh5 16. Nc3 Re7 {
Antagelig meningslKst.} 17. Nb1 Ra6 18. a3 Bd6 19. Nbd2 Bg6 20. Rc3 {Dette er
den eneste mÅten Е forsvare b-bonden pÅ.} Rb6 21. Qc1 Re8 22. Rb3 Rxb3 $6 23.
Nxb3 Qd8 24. Qc3 a4 25. Nc1 {[25. Nc5!?]} Nf6 26. Nd2 Qb6 27. Re1 h5 28. h4 Bf5
29. Ne2 Bg4 30. Qc2 $1 Qa5 31. Nc3 Qc7 {Truer Е ofre pÅ g3.} 32. Nf1 b5 33. Rc1
Qe7 34. Re1 Qd7 {Stillingen er omtrent i balanse. Hvits neste trekk forandrer
imidlertid dette} 35. e4 $2 Bf5 $1 36. Nd2 c5 37. dxc5 $6 Bxc5 {[#]} 38. Nxd5
$4 Qxd5 39. Rd1 Rc8 40. Nf1 Bxe4 {Og hvit ga opp da han er blank offiser under.
} 0-1

[Event "Hoogovens"]
[Site "Wijk aan Zee"]
[Date "1996.01.25"]
[Round "10"]
[White "Gelfand, Boris"]
[Black "Adams, Michael"]
[Result "1/2-1/2"]
[WhiteElo "2700"]
[BlackElo "2660"]
[Annotator "Gelfand,B"]
[PlyCount "85"]
[EventDate "1996.01.13"]
[EventType "tourn"]
[EventRounds "13"]
[EventCountry "NED"]
[EventCategory "17"]
[SourceTitle "CBM 051"]
[Source "ChessBase"]
[SourceDate "1996.04.01"]
[SourceVersion "1"]
[SourceVersionDate "1996.04.01"]
[SourceQuality "1"]

1. Nf3 Nf6 2. c4 e6 3. Nc3 Bb4 4. g3 Bxc3 5. bxc3 b6 6. Bg2 Bb7 7. d3 d6 8. e4
O-O 9. O-O Nfd7 $146 10. Nh4 (10. a4 $5 Nc6 11. Nd4) (10. Nd4 $5) 10... Nc6 11.
f4 Ne7 12. Nf3 (12. f5 exf5 13. Nxf5 Nxf5 14. Rxf5 Ne5 15. Be3 Bc8 16. Rf4 Be6
$10) (12. g4 f5 $1) 12... Nc5 13. Be3 Qd7 (13... f5 14. Bxc5 bxc5 15. Ng5) 14.
Re1 Rae8 (14... Rad8 15. Bf2 f5 16. Bxc5 dxc5 (16... bxc5 17. Ng5) 17. exf5 (
17. Ne5 Qc8) 17... exf5 (17... Bxf3 18. Qxf3 $14) 18. d4 $14 (18. Ne5 Qc8 19.
Qe2 Qa8 20. Bxb7 Qxb7 21. Nd7 $6 Rf7 22. Qe6 $2 Qc8)) 15. Bf2 f5 16. e5 (16.
Bxc5 bxc5 17. Ng5 h6) 16... d5 17. Bxc5 (17. cxd5 Nxd5 18. Rc1 Ne7) 17... bxc5
18. Qb3 Rb8 $6 (18... Bc6 $5 19. Qa3 d4 $1 20. Qxc5 (20. cxd4 Bxf3 21. Bxf3
Qxd4+ 22. Kg2 g5 $5 (22... Rb8 23. Rab1 Rb6 24. Qxa7 Rxb1 25. Rxb1 Qxd3) 23.
fxg5 Ng6 $132) 20... dxc3 21. d4 Rd8 (21... Rb8 22. Rac1) (21... Be4 22. Rac1 (
22. Ng5 Bxg2 23. Kxg2 Rb8 24. Rac1 Rb2+ 25. Kg1 Rxa2 26. Rxc3 Rb8 $132) 22...
Nc6 23. d5 exd5 24. cxd5 Qxd5 (24... Ne7 25. Rxc3 Nxd5 26. Ra3 $16) 25. Qxd5+
Bxd5 26. Rxc3 $14) 22. Red1 Be4 23. Ne1 $13) 19. Qb5 $1 (19. Qa3 d4 $1) 19...
Bc6 (19... Qxb5 20. cxb5 $16) 20. Qxc5 Rb2 21. Nd4 Ba8 22. Bf3 (22. Reb1 Rxg2+
(22... Rd2 23. Qb5 $1 c6 24. Qa5 Rxd3 25. c5) (22... Rfb8 23. Rxb2 Rxb2 24.
Qxa7 $16) 23. Kxg2 dxc4+ 24. Kf2 cxd3 25. Qb5 (25. Rd1 Be4) 25... Nc6 26. Ke3 (
26. Rb2 $2 Rb8 $1 27. Qxb8+ Nxb8 28. Rxb8+ Kf7 29. Rxa8 c5 30. Nb3 (30. Nf3 Qb7
) 30... Qb7 31. Rd8 c4) 26... a6 (26... Rb8 27. Qc4 (27. Qxd3) 27... Rxb1 28.
Rxb1 $16) 27. Qc4 Nxd4 28. cxd4 Qf7 (28... Be4 29. Rb2 $16) 29. Rb2 Bd5 30.
Qxa6 (30. Qxd3) 30... Qh5 31. Rf1 $16) 22... dxc4 23. Bxa8 Rxa8 24. dxc4 (24.
Qxc4 Nd5 25. a4 (25. Rab1 Rab8 26. Nb3 (26. Rxb2 Rxb2 27. Re2 Rb1+ 28. Kf2 (28.
Kg2 Rc1) 28... Rh1) 26... Ne3 $1) 25... Qe8 26. Reb1 Rab8 27. Rxb2 Rxb2 28. Qc6
Qxc6 29. Nxc6 Nxc3 30. Nxa7 Ne2+ 31. Kf1 Nd4 $10) 24... Kf7 (24... Rab8 25.
Qxa7 Qe8 26. Qxc7 (26. Re2 Nc6 27. Qa4) 26... Qh5 27. Re2 R8b7 28. Qd8+ Kf7 29.
Rae1) 25. Reb1 $6 (25. Rab1 $1 Rxa2 26. Rb7 Rc8 27. Rxa7 Rxa7 28. Qxa7 $16) (
25. Nf3 Qa4 $132) (25. Red1 Qa4 (25... Qc8 26. Nc6 $1 Nxc6 27. Qxc6 Rb6 28.
Qd7+ Qxd7 29. Rxd7+ Kg6 30. Rad1 (30. Rxc7 Rd8 $1) 30... Rab8 31. R1d2 Rc6 32.
Re7 $16) 26. Qxc7 Rxa2 (26... Rc8 27. Qd6 Qxc4 28. Rab1) 27. Rxa2 (27. Rab1)
27... Qxd1+ 28. Kg2 Qd3 (28... Qb1 29. Rd2 $16) 29. Qb7 Re8 30. Nb5 $18 (30.
Qa6 Ng6)) 25... Rab8 26. Rxb2 Rxb2 27. Qxa7 Qc8 28. Rf1 c5 $1 29. Nf3 h6 30.
Rf2 Rb1+ 31. Rf1 (31. Kg2 Qc6 32. h4 Rd1 $44) 31... Rb2 32. Qa3 Qb7 33. Qxc5 $2
(33. h4 $5 Kg6 $5 (33... Re2 34. Qxc5 Rxa2 35. Qe3 $14 (35. Qe3 $14)) 34. Qxc5
Rxa2 35. Rf2 Ra1+ 36. Kg2 Qb1 37. Nh2) 33... Rxa2 34. Qe3 Qb3 35. Nd2 Qc2 36.
Rf2 Ra3 37. Nf1 Qxc3 38. Rf3 Qxe3+ 39. Rxe3 Ra2 40. Rd3 (40. Rc3 g5) 40... g5
$1 41. Rd7 gxf4 42. gxf4 Kf8 43. Rd8+ (43. Ne3 Ng6 44. Ng2 Rc2 45. Rc7 h5)
1/2-1/2

[Event "Ciocaltea Memorial"]
[Site "Bucharest"]
[Date "1993.??.??"]
[Round "?"]
[White "Neverov, Valeriy"]
[Black "Kiselev, Sergey"]
[Result "0-1"]
[WhiteElo "2550"]
[BlackElo "2510"]
[Annotator "Glatman,V"]
[PlyCount "114"]
[EventDate "1993.02.??"]
[EventType "tourn"]
[EventRounds "15"]
[EventCountry "ROU"]
[EventCategory "10"]
[SourceTitle "CBM 034"]
[Source "ChessBase"]
[SourceDate "1993.06.01"]
[SourceVersion "1"]
[SourceVersionDate "1993.06.01"]
[SourceQuality "1"]

1. Nf3 Nf6 2. c4 e6 3. Nc3 Bb4 4. g3 b6 (4... Bxc3 5. bxc3 b6 6. d3 Bb7 7. e4
d6 8. Bg2 c5 9. O-O O-O 10. Nh4 {Ribli,Z-Razuvaev,Y/BRD/1992/} Ne8 11. f4 f5
$10) (4... O-O 5. Bg2 d5 6. a3 Bxc3 7. dxc3 Nbd7 8. cxd5 exd5 9. O-O c6 10. Qc2
Nb6 11. a4 Re8 $10 {Adorjan,A-Romanishin,O/Polanica Zdroj/1991/}) 5. Bg2 Bb7 6.
O-O (6. d3 O-O (6... Bxc3+ 7. bxc3 O-O 8. O-O d6 9. e4 Nbd7 10. Nh4 a6 11. a4
Bc6 12. Ra2 Qe8 13. Re1 $14 {Ermolinsky-Shneider/Vilnius/1984/}) 7. e4 d5 8. e5
Nfd7 9. cxd5 Bxd5 10. O-O Bxc3 11. bxc3 c5 12. d4 Nc6 13. Ng5 $1 $14 {
Gavrikov-Rozentalis/Biel/1990/}) 6... O-O 7. Qc2 d5 (7... Re8 8. Rd1 (8. b3 d5
9. Bb2 d4 10. Na4 e5 $10 {Uhlmann-Fauland/Graz/1988/}) 8... d6 9. d4 Bxc3 10.
Qxc3 Nbd7 11. b3 a6 12. Bb2 b5 13. Rac1 $14 {Timman,J-Karpov,An/Linares/1993/})
8. cxd5 exd5 9. d4 Re8 (9... Nbd7 10. Rd1 Re8 11. Bf4 c6 12. Rac1 Qe7 13. Re1
c5 14. a3 Ba5 $5 15. dxc5 bxc5 16. Nd2 $1 $14 {Miles,A-Timman,J/Linares/1983/})
10. Bf4 c6 (10... Nbd7 11. Nb5 $1 $16) 11. Ne5 Nbd7 12. Rad1 Qe7 (12... Nh5 13.
e4 $1 Nxf4 14. gxf4 Bxc3 15. bxc3 Nf6 $14) 13. Rfe1 $1 $14 Nh5 (13... Bd6 14.
e4 $1 $16) 14. e4 Nxf4 15. gxf4 Nf6 $8 (15... dxe4 16. Bxe4 Nf6 17. Bxc6 Bxc6
18. Nxc6 Qxe1+ 19. Rxe1 Rxe1+ 20. Kg2 Bxc3 21. Qxc3 Re2 22. Qf3 $16) 16. exd5
cxd5 17. Re3 $1 Bxc3 18. bxc3 Rac8 19. Kh1 {>= 19.Rde1 /\ 20.Rh3+/-} Ne4 20. f3
Nd6 21. Rg1 (21. Rde1 Qh4) 21... f6 22. Ng4 Qf8 23. Bf1 Rxe3 24. Nxe3 Re8 25.
Ng4 Re1 $1 (25... h5 26. Nh6+ Kh8 27. Nf5 $16) (25... g6 26. Bd3 Kh8 27. Bxg6
$1 $16) 26. Bd3 Rxg1+ 27. Kxg1 h5 28. Ne3 Qe7 29. Kf2 Qc7 30. Qb3 Kh8 $5 (30...
Qf7 31. f5 $14) 31. Nxd5 $142 $6 (31. Bg6 $14) 31... Qc6 $13 32. Be4 $8 (32. c4
b5 33. c5 Nf5 $17) 32... Nxe4+ 33. fxe4 Qe6 34. Qd1 (34. Ke3 f5 $17) (34. Qc2
Bxd5 35. exd5 Qxd5 $15) 34... Qxe4 (34... g6 $5 35. Qf3 f5 $13) 35. Qxh5+ Kg8
36. Ne3 Qxf4+ 37. Ke2 Bc6 38. c4 $2 (38. Qh3 $1 $10) 38... Qxd4 39. Qf5 Qb2+
40. Kd3 Qb1+ 41. Kd4 Qb2+ (41... Qxf5 $6 42. Nxf5 Kf8 43. Nd6 $15) 42. Kd3 Qa3+
43. Kd4 Qd6+ 44. Nd5 Bd7 45. Qh5 Ba4 46. h4 Bd7 $6 47. Kd3 Qg3+ 48. Ne3 f5 $19
49. Kd4 Qf4+ 50. Kd3 Qe4+ 51. Kd2 Qd4+ 52. Ke2 Qb2+ 53. Ke1 Qf6 54. Qg5 $6 Qxg5
55. hxg5 Kf7 56. Kf2 Kg6 57. Nd5 Kxg5 0-1

[Event "RUS-chT 07th"]
[Site "Smolensk"]
[Date "2000.04.24"]
[Round "10"]
[White "Sergienko, Sergey"]
[Black "Aleksandrov, Aleksej"]
[Result "0-1"]
[WhiteElo "2425"]
[BlackElo "2606"]
[Annotator "Golod,V"]
[PlyCount "98"]
[EventDate "2000.04.15"]
[EventType "team-tourn"]
[EventRounds "11"]
[EventCountry "RUS"]
[SourceTitle "CBM 077"]
[Source "ChessBase"]
[SourceDate "2000.07.27"]
[SourceVersion "1"]
[SourceVersionDate "2000.07.27"]
[SourceQuality "1"]
[WhiteTeam "Voronezh OShK"]
[BlackTeam "Smolensk TsEM"]
[WhiteTeamCountry "RUS"]
[BlackTeamCountry "RUS"]

1. d4 Nf6 2. c4 e6 3. Nc3 Bb4 4. Qc2 O-O 5. a3 Bxc3+ 6. Qxc3 b6 7. g3 $6 $11 {
After this move White can't fight for advantage.} Bb7 8. Nf3 d5 $5 {The idea
of this move is to use development advantage, but maybe better is to place PP
on black squares to compensate black squares B absence.} (8... c5 $5 {It's
main line.}) (8... Bxf3 $6 9. Qxf3 d5 $14 {Rottstaedt,W-Beilfuss,W/2BLW,1988(1/
2-1/2) (19)}) (8... a5 9. b3 (9. Bg2 a4 $11 {[%csl Rb3] Kakageldiev,A-Kalesis,
N/Biel,1993(1/2-1/2) (18)}) 9... c5 10. Bg2 d5 $1 (10... cxd4 11. Qxd4 Na6 (
11... Nc6 12. Qb2 a4 13. b4 $14 {Horvitz,R-Browne,W/Cardinal,1991(1/2-1/2) (32)
}) 12. Be3 $14 {Gruenberg,H-King,D/Bad Lauterberg,1991 (1/2-1/2)(17)}) 11. Bb2
Nbd7 12. O-O Rc8 13. Rac1 Qe7 14. Rfd1 h6 15. Qc2 Rfd8 $11 {Schwarz,P-Lobron,E/
Wiesbaden,1993(0-1) (40)}) (8... Qe8 9. Bg2 a5 10. b3 Be4 $5 $132 (10... d6 11.
O-O a4 (11... Be4) 12. b4 Be4 $5 $132 {Schwarz,P-Godena,M/Switzermland,1991 (1/
2-1/2)(38)})) (8... d6 $1 9. Bg2 (9. Bh3 $1 {good idea against Be4} c5 $5 $132
(9... Nbd7 10. O-O Ne4 (10... Be4 11. Nd2 $14) 11. Qe3 c5 12. b3 Qe7 13. Bb2
$14 {Brancaleoni,M-Fyllingen,R/Vejen EuchJ 1993(0-1)(38)})) 9... c5 $6 (9...
Nbd7 {It's main line.}) 10. O-O (10. dxc5 bxc5 (10... dxc5 11. O-O $14 {
Haslinger,M-Cast,J/Glenalmond Faber Cup, 1996(1-0)(24)}) 11. O-O Nbd7 12. b4
Rc8 13. Qb3 d5 14. Bb2 Qb6 $132 {Jakab,A-Balogh,V/Budapest,1999(1-0)(68)})
10... Ne4 (10... Qc7 11. Rd1 Nbd7 12. b3 Rfd8 13. Bb2 $14 {Landenbergue,
C-Leuba,D/Neuchatel,1996 (1/2-1/2)(33)}) 11. Qc2 Qc7 12. Rd1 $14) (8... Be4 9.
Bg2 d6 $132 {[%cal Gb8d7]} (9... d5 $6 10. O-O Nbd7 11. b4 c6 12. Bf4 Qe7 13.
c5 Rfc8 14. Rfe1 Ne8 15. Bf1 f6 16. Nd2 $14 {Grigore,G-Florescu,C/Bucuresti,
1998(1-0) (61)})) 9. Bg2 ({Other options are:} 9. cxd5 Bxd5 10. Bg2 Nbd7 11.
O-O c5 $11) ({and} 9. b3 dxc4 10. bxc4 c5 11. dxc5 Ne4 12. Qc2 Nxc5 13. Bg2 Nc6
14. Bb2 e5 15. Rd1 Qe7 16. O-O Rad8 $11 {Jakab,A-Csonkics,T/Budapest,1998(1/
2-1/2) (41)}) 9... Nbd7 ({Quite well is} 9... dxc4 $5 10. Qxc4 Bd5 11. Qd3 (11.
Qa4 Nbd7 12. O-O c5 13. Bf4 Re8 {[%cal Gc5d4,Ge6e5]} 14. Be5 $11 {Tseitlin,
M-Lukacs,P/Budapest,1993(1/2-1/2) (19)} (14. Rac1 cxd4 15. Bc7 Qe7 16. Qxd4 e5
$11)) (11. Qc3 Nbd7 12. b4 c5 13. dxc5 bxc5 14. O-O Qe7 15. Be3 Ne4 16. Qc2
cxb4 17. axb4 Qxb4 18. Rxa7 $11 {Bacrot,E-Beliavsky,A/Albert,1999(1/2-1/2)(20)}
) 11... Nbd7 12. O-O c5 13. Bf4 Qe7 14. Rac1 Rfd8 15. Rfd1 h6 16. h4 c4 17. Qc2
b5 $132 {Grigorian,K-Balashov,Y/Leningrad,1977 (1/2-1/2)(41)}) 10. O-O c5 {
Besides black has two alternatives:} (10... dxc4 11. Qxc4 c5 12. Be3 (12. Bf4
Bd5 13. Qa4 Qe7 $11) 12... Bd5 13. Qa4 Qe7 $11 (13... c4 14. Nd2 a6 15. f3 b5
16. Qc2 e5 17. Bf2 Bb7 $132 {Ftacnik,L-Stohl,I/Cesko,1995(1/2-1/2)(36)})) ({and
} 10... Ba6 $5 11. b3 (11. cxd5 Bxe2 12. dxe6 Bxf1 13. exf7+ Rxf7 14. Bxf1 Kh8
$44) (11. Ne5 c5 $11) 11... c5 12. dxc5 Nxc5 $11) 11. dxc5 Nxc5 12. cxd5 (12.
b4 Nce4 13. Qe3 dxc4 14. Bb2 Rc8 15. Rac1 Qe7 16. Ne5 Nd6 17. Bxb7 Qxb7 18.
Rfd1 Nd5 $17 {Chabanon,J-Korneev,O/Torcy,1991(0-1) (47)}) 12... Bxd5 13. Be3
$146 (13. b4 $11) (13. Bf4 $5 Rc8 14. Rad1 Qe7 15. Ne5 Bxg2 16. Kxg2 Nd5 17.
Qf3 $11 {Pedersen,S-Koskela,N/Copenhagen,1998 (1-0)(40)}) 13... Rc8 14. Rad1
Qe7 15. Qb4 ({Probably,better is:} 15. Bd4 $11) 15... Qb7 {The position is
equal, but for Aleksandrov half of point is not enough...} 16. Bd4 Nce4 17. Rc1
h6 18. Rfd1 Rc6 19. Rxc6 Qxc6 20. Ne5 (20. Qe7 Qa4 $132) 20... Qc2 21. Qe1 Rc8
{Black was luck to loosen this equal position, to occupate c-file.} 22. Nd3 $1
(22. f3 $6 Bb3 23. Rd3 Nd6 24. e4 Nb5 25. Rd2 Qc7 $15 {[%csl Rd4,Re5]}) 22...
Qa4 (22... Bc4 23. Rc1 Qa4 24. Ne5 Ba6 $11) 23. Nb4 Bb7 (23... Bb3 24. Rc1 $11)
24. Bxf6 gxf6 25. Rd4 f5 26. Bxe4 fxe4 27. Qd2 Kg7 28. e3 $5 {White decided to
neutralize the virtual threat e4-e3, but weakanen white squares.} (28. Rd6 $142
Qb5 29. Qd4+ Kg6 (29... e5 30. Qd2 $16 {[%csl Rh6]}) 30. Qe3 Qc5 $11) (28. Rd7
Rc1+ 29. Qxc1 Qxd7 $11) 28... a5 29. Na2 (29. Nd5 Qb3 (29... Qc6 30. Nc3 Qc5 {
-like in this game}) (29... Qb5 30. Nc3 Qc5 {-like in this game}) 30. Nc3 e5
31. Rd6 Ba6 $1 32. h3 (32. Nxe4 $4 Qc4 $19 {[%csl Re4,Rf1][%cal Gc4e4,Gc4f1]})
32... Bd3 $132) 29... Qb5 (29... Qc2 30. Nc3 $11) 30. Nc3 Qc5 31. Rd7 Bc6 32.
Qd4+ $6 $15 {In this endgame white must change the RR, not QQ.} (32. Rd8 $11) (
32. Rd4 $11) 32... Qxd4 33. Rxd4 {[%mdl 4096]} f5 34. Kf1 {White K havn't
enough space.} Kf6 35. Ke2 Ke7 36. Rd2 (36. a4 $5 e5 37. Rd2 Ke6 $15) 36... Bb7
$1 {[%cal Gb7a6]} 37. Rd4 (37. a4 Ba6+ 38. Kd1 Rc5 39. Kc2 Bd3+ 40. Kb3 Bc4+
41. Kc2 e5 $15) 37... Ba6+ 38. Ke1 Rc6 39. Kd1 Bc4 40. Ke1 $2 $17 {Endgames
and espcially defence in endgames is not a best feature of chessplayers.} (40.
a4 $142 $15) 40... b5 {[%cal Gb5b4]} 41. g4 (41. b4 axb4 42. axb4 Bb3 43. Nd1
Rc1 $19 {[%csl Rb4,Rd1,Re1][%cal Gb3c4,Gc1b1]}) (41. h3 b4 42. axb4 axb4 43.
Ne2 e5 44. Rd1 Bb3 45. Rc1 Ra6 $17) 41... e5 42. Rd2 Rg6 43. f3 $2 {Mistake in
bad position.} ({After} 43. b3 $5 {black would find:} Bf7 $1 (43... Bxb3 $6 44.
Rb2 Bc4 45. gxf5 Rg1+ 46. Kd2 Bd3 47. Nxb5 Rg2 48. Kc3 Rxh2 49. Na7 Kf6 50. Nc6
{[%csl Ra5]} Rh1 $15) (43... Bd3 $6 44. f3 Rc6 45. Ne2 Bxe2 46. Kxe2 Ke6 $15)
44. gxf5 (44. Nd5+ Kf8 45. gxf5 Rg1+ 46. Ke2 Bh5+ 47. f3 exf3+ 48. Kd3 Rg2 49.
e4 f2 50. Ne3 Rxh2 $17) 44... Rg1+ 45. Ke2 Bh5+ 46. f3 exf3+ 47. Kd3 Rg2 48.
Ne4 Bg4 $17) 43... exf3 $19 {The rest is the matter of technics.} 44. b3 Bxb3
45. gxf5 Rg1+ 46. Kf2 Rg2+ 47. Ke1 Rxd2 48. Kxd2 Kf6 49. Nxb5 f2 0-1

[Event "GBR-ch 106th"]
[Site "Torquay"]
[Date "2019.07.29"]
[Round "3"]
[White "Howell, David"]
[Black "D'Costa, Lorin AR"]
[Result "1-0"]
[WhiteElo "2697"]
[BlackElo "2396"]
[Annotator "Gormally,D"]
[PlyCount "81"]
[EventDate "2019.07.27"]
[EventType "swiss"]
[EventRounds "9"]
[EventCountry "ENG"]
[SourceTitle "CBM 191 Extra"]
[Source "ChessBase"]
[SourceDate "2019.09.30"]
[SourceVersion "1"]
[SourceVersionDate "2019.09.30"]
[SourceQuality "1"]

{It was a pleasure to be one of the commentators at the recent British chess
championships in Torquay. I was working alongside Adam Hunt, who was very
professional and able to handle the technical side of the broadcast. As in
some ways I am a classic chess player who is unable to tie my shoelaces, this
was a great relief.  I stayed in a guest house in Babbacombe, which was just
outside of the town center, up this rather steep hill. As it was probably just
too far to walk I would generally get the bus. Unfortunately I managed to
upset the owners a little bit because there was a note on the door which said
"please remember to shut the door after you at night" so foolishly not being
able to work out how to shut it for sure, I put the latch on. Which meant that
the owners were woken up by other residents unable to get in to the hotel at
two in the morning. The owner's wife immediately figured out who must be
responsible.  Other participants in the British championships had even more
painful experiences. One poor soul was hounded out of his accomodation by the
air bnb owner from hell, who pounded on his wall in the middle of the night
when he dared to go to the toilet.   Anyway that's enough preamble from me.
The best game prize was awarded to David Howell, for his game against Lorin
D'Costa.} 1. Nf3 Nf6 2. c4 b6 3. Nc3 e6 4. e4 Bb7 5. Qe2 {An ambitious line,
which has been favoured by chess greats like Leonid Stein and Yi Wei, amongst
others.} c5 {one of Black's main responses. Black gains control over the
center, at the cost of losing time in development, as his knight is driven
back.} (5... Bb4 {is a solid alternative.} 6. e5 Ng8 7. a3 $1 (7. g3 {is the
older line, but} Nc6 $1 {seems like a good response.} 8. Bg2 Nd4 {and Black is
forcing exchanges}) 7... Bxc3 8. dxc3 Ne7 9. Bg5 O-O 10. O-O-O Qe8 11. Qd2 Bc6
(11... h6 12. Be3 Nf5 {seems much more solid}) 12. h4 a5 $6 {this is terribly
slow} 13. h5 $1 f5 $2 14. exf6 gxf6 15. Bxf6 $1 Rxf6 16. Qg5+ Rg6 17. hxg6 Nxg6
18. Bd3 Na6 19. Rxh7 {1-0 (19) Belikov,V (2508)-Smirnov,I (2438) Alushta 2001})
6. e5 Ng8 (6... Ng4 {looks more agressive, although is more likely to hand
White a fierce initiative.} 7. d4 cxd4 (7... Nc6 $5 8. d5 Nd4 {is an
interesting alternative.}) 8. Nxd4 Nh6 $2 9. Bxh6 gxh6 10. h4 {And White had
complete control and went on to win in Wei,Y (2728)-Abdusattorov,N (2546)
Makati 2018}) 7. d4 cxd4 (7... Bxf3 8. Qxf3 Nc6 9. d5 Nxe5 10. Qg3 {and with a
development advantage and the two bishops, White had obvious compensation for
the pawn in Czebe,A (2480)-Petrik,T (2362) Slovakia 2003}) 8. Nxd4 Nc6 9. Nxc6
Bxc6 {[#]  In some ways this position reminds me of the Petrosian variation of
the queens indian with a3. Although by comparison to that line Black is
slightly lagging in development, White also has some issues with the queen on
e2 blocking his kingside.} 10. h4 $5 {Far-sighted. Given that Black eventually
wants to play Ne7-f5, then this move makes sense, as by pushing the pawn to f5
White deprives the knight of any support with a later ...h5. it's also the
prelude to a pawn storm, as we shall see later.} Ne7 {The first new move of
the game, and not a bad one by any means.} (10... f6 11. Rh3 $5 {a prophylatic
move, designed against Black's plan of playing ..Bb4 and taking on c3.} (11.
Bf4 {is preferred by the engine, although after} Bb4 12. O-O-O Bxc3 13. bxc3
Qe7 {the position seems very unclear.}) 11... fxe5 12. Qh5+ g6 13. Qxe5 Qf6 14.
Qe2 Qf5 $6 15. g4 $1 Qf7 16. Bd2 Bg7 {and now} 17. Ne4 $1 {would have crowned
White's excellent opening play} (17. Nd5 $6 {was the game continuation in
Hakobyan,A (2497)-Oparin,G (2622) Batumi 2018})) 11. h5 Nf5 12. Bf4 Be7 {[#]}
13. Rh3 $1 {This is exactly the kind of deep-thinking that seems to separate
players like David from lesser mortals like myself. It shows as well that he's
really studied the line.} ({In the commentary room myself and my
co-commentator Adam, were analysing a much more flat continuation like} 13.
O-O-O Bg5 14. Qg4 {and we overlooked the idea of storming your pawns forward
on the kingside completely.}) 13... Bg5 14. Bh2 $1 {continuing with this
ambitious plan. White wants to play g4 and f4 and push Black's minor pieces
back, after which he will completely dominate the board.} O-O 15. h6 {
imaginative, but the machine feels this is unnecessary.} (15. g4 Nh6 16. f4
Bh4+ 17. Kd2 {and White is very much for preference. Once the king sits on c2,
then it is totally safe.}) ({another good alternative in the same spirit was} 
15. f4 Bh4+ 16. g3 Nd4 17. Qd3 Nf3+ 18. Kf2 Be7 19. Bg2 Nxh2 20. Rxh2 {where
once again I would prefer White, as White will play Rd1, when it is not clear
how Black solves the problem of the backward d-pawn.} Bxg2 21. h6 $1) 15...
Nxh6 16. f4 Bh4+ 17. g3 Be7 18. O-O-O f5 $1 19. exf6 {[#]} Rxf6 $2 (19... Bxf6
20. g4 {and now the slightly counter-intuitive capture} Bxc3 $1 21. Rxc3 Qe8
$13 {would have lead to an unclear position- in fact the engine even slightly
favours Black.} (21... Qh4 {which I suggested in the commentary room, is in
fact a mistake because of} 22. g5 $1 Ng4 23. Rh3 Qf2 24. Qxg4 $18)) 20. g4 Rf7
21. Qc2 Qf8 22. Bd3 {[#]} Rxf4 $2 {this is premature.} (22... g6 $1 23. Qe2 {
otherwise Black was threatening to take on g4} Rxf4 {was a much improved
version of the same sacrifice.} 24. Bxf4 Qxf4+ 25. Kb1 Rf8 {[#] and now unlike
in the game, Black in many variations can take on g4, where he doesn't have to
worry about his h7 pawn hanging.}) 23. Bxf4 Qxf4+ 24. Kb1 Qxg4 25. Re3 $2 (25.
Bxh7+ Kh8 26. Qd3 {would have maintained some element of control.}) 25... Kh8
$2 (25... g6 $1 {was again better, pointed out by the machine of course,
although to a human player this is not such an easy move to make as your
natural reaction is to fear a later capture on g6.}) 26. Be4 $1 Rf8 27. Bxc6
dxc6 28. Re4 Qg6 29. Rde1 Rf6 30. Qa4 {[#]} Nf5 (30... Ng4 $1 31. Qxa7 Bc5 {
was the most active way to play, but I think Lorin was already in desperate
time trouble.}) 31. Qxa7 h5 32. a3 Bc5 33. Ka2 Bf2 34. Rd1 Kh7 35. Qa8 c5 36.
Rd8 Qf7 37. Re2 Ng3 38. Ne4 $1 $40 Nxe4 (38... Nxe2 39. Ng5+) 39. Rh8+ Kg6 40.
Qxe4+ Kg5 41. Qg2+ 1-0